| 000 | 00433cam a22001457a 4500 | ||
|---|---|---|---|
| 008 | 180718b1983 xxu||||| |||| 00| 0 eng d | ||
| 082 | _aT465 Sr34t | ||
| 100 | _aSrinivasan, K. | ||
| 245 |
_aTax treatment of private trusts _cby K. Srinivasan |
||
| 260 |
_aNew Delhi _bNational Institute of Public Finance and Policy _c1983 |
||
| 300 | _a248p. | ||
| 650 | _aTaxation | ||
| 650 | _aPractice of law | ||
| 650 | _aTrust companies - India | ||
| 999 |
_c481451 _d481451 |
||